[Event "ch-RUS Blitz w 2016"]
[Site "Sochi RUS"]
[Date "2016.10.04"]
[Round "4.9"]
[White "Belenkaya, Dina"]
[Black "Nebolsina, Vera"]
[Result "1-0"]
[WhiteTitle "WFM"]
[BlackTitle "WGM"]
[WhiteElo "2313"]
[BlackElo "2219"]
[WhiteFideId "24142654"]
[BlackFideId "4163591"]
[EventDate "2016.10.04"]

1. e4 g6 2. d4 Bg7 3. Nc3 d6 4. Nf3 a6 5. Be3 b5 6. Qd2 Bb7 7. Bd3 Nd7 8. a4 b4
9. Ne2 a5 10. c3 Ngf6 11. Ng3 c5 12. O-O O-O 13. Bh6 c4 14. Bb1 bxc3 15. bxc3 e5
16. Bxg7 Kxg7 17. Bc2 Re8 18. Rfe1 Rb8 19. Rab1 Ba8 20. h3 Rxb1 21. Bxb1 Qc7 22.
Qg5 Kh8 23. h4 Ng8 24. h5 f6 25. Qd2 g5 26. Nf5 h6 27. Rd1 exd4 28. Qxd4 Nc5 29.
Nxd6 Rb8 30. Bc2 Ne6 31. Qxc4 Qxc4 32. Nxc4 Rc8 33. Nfd2 Bc6 34. Nxa5 Be8 35. c4
Bxh5 36. Rb1 Nd4 37. Bd1 Bxd1 38. Rxd1 Ne2+ 39. Kf1 Nc3 40. Ra1 Ra8 41. Ndb3
Nxe4 42. Nc6 Ra6 43. Ncd4 Ne7 44. a5 Nc8 45. f3 Ned6 46. Nc5 Ra7 47. a6 Nxc4 48.
Nb5 Re7 49. Re1 Rxe1+ 50. Kxe1 Kg8 51. Nb7 Kf8 52. N7d6 N4xd6 53. Nxd6 Na7 54.
Kd2 h5 55. Ke3 Ke7 56. Nf5+ Kf7 57. Ke4 Kg6 58. Ne7+ Kh6 59. Kf5 h4 60. Kxf6 Kh5
61. Kf5 Kh6 62. Kg4 Nb5 63. Nf5+ Kg6 64. Ne7+ Kh6 65. Nd5 Na7 66. Nf6 Nc6 67.
Ne4 Ne5+ 68. Kf5 Nc6 69. Nxg5 Kh5 70. Nh3 Kh6 71. Ke6 Na7 72. Kd6 Kg6 73. Kc7
Kf5 74. Kb7 Nb5 75. Kb6 Nd6 76. a7 Nc8+ 77. Kb7 Nxa7 78. Kxa7 1-0

[Event "ch-RUS Blitz w 2016"]
[Site "Sochi RUS"]
[Date "2016.10.04"]
[Round "4.10"]
[White "Tomilova, Elena"]
[Black "Abramova, Yulia"]
[Result "1-0"]
[WhiteTitle "WIM"]
[WhiteElo "2309"]
[BlackElo "1969"]
[WhiteFideId "4162340"]
[BlackFideId "24104655"]
[EventDate "2016.10.04"]

1. c4 e6 2. g3 Nf6 3. Bg2 d5 4. Nf3 d4 5. O-O Be7 6. d3 c5 7. e3 Nc6 8. exd4
cxd4 9. Re1 O-O 10. a3 a5 11. b3 Qc7 12. Bf4 Bd6 13. Bxd6 Qxd6 14. Nbd2 e5 15.
Ng5 Bg4 16. Qc2 Rfe8 17. Nge4 Nxe4 18. Nxe4 Qd7 19. c5 f5 20. Nd6 Re7 21. b4 Rb8
22. b5 Nd8 23. a4 Nf7 24. Bd5 Bh5 25. Qc4 Rf8 26. Nxb7 f4 27. c6 Qh3 28. Bg2 Qc8
29. Nd6 Qc7 30. Ne4 f3 31. Bh3 Kh8 32. Rab1 Nd6 33. Nxd6 Qxd6 34. b6 Qh6 35. c7
Bf7 36. c8=Q Rxc8 37. Qxc8+ Re8 38. b7 1-0

[Event "ch-RUS Blitz w 2016"]
[Site "Sochi RUS"]
[Date "2016.10.04"]
[Round "4.11"]
[White "Goryachkina, Aleksandra"]
[Black "Pogonina, Natalija"]
[Result "1/2-1/2"]
[WhiteTitle "WGM"]
[BlackTitle "WGM"]
[WhiteElo "2460"]
[BlackElo "2484"]
[WhiteFideId "4147103"]
[BlackFideId "4147855"]
[EventDate "2016.10.04"]

1. d4 Nf6 2. c4 e6 3. Nf3 d5 4. g3 Bb4+ 5. Bd2 Be7 6. Bg2 O-O 7. O-O Nbd7 8. Qc2
c6 9. Bf4 b6 10. cxd5 cxd5 11. Rc1 Bb7 12. Nc3 Nh5 13. Bd2 Nhf6 14. a4 a5 15.
Nb5 Ne4 16. Be1 Rc8 17. Qb3 Nd6 18. Ne5 Nxe5 19. dxe5 Nxb5 20. Qxb5 Bc5 21. e3
Qc7 22. Bc3 Qe7 23. Qe2 Rc7 24. Rc2 Rfc8 25. Rac1 h6 26. h4 Bc6 27. b3 Ba3 28.
Bb2 Bxb2 29. Rxb2 Bb7 30. Rbc2 Rc5 31. Qd2 Ba6 32. Bf1 Bxf1 33. Kxf1 R8c6 34.
Rxc5 Rxc5 35. Rxc5 Qxc5 36. Qd3 Qc1+ 1/2-1/2

[Event "ch-RUS Blitz w 2016"]
[Site "Sochi RUS"]
[Date "2016.10.04"]
[Round "4.12"]
[White "Kosteniuk, Alexandra"]
[Black "Gorovenko, Darya"]
[Result "1-0"]
[WhiteTitle "GM"]
[BlackTitle "WFM"]
[WhiteElo "2537"]
[BlackElo "2060"]
[WhiteFideId "4128125"]
[BlackFideId "24173800"]
[EventDate "2016.10.04"]

1. e4 c5 2. Nf3 d6 3. Bb5+ Nd7 4. c3 Nf6 5. Qe2 a6 6. Ba4 b5 7. Bc2 Bb7 8. O-O
e6 9. a4 b4 10. d4 Be7 11. Nbd2 O-O 12. e5 dxe5 13. dxe5 Nd5 14. Ne4 h6 15. c4
N5b6 16. b3 a5 17. Bb2 Qc7 18. Rad1 Rfd8 19. Nd6 Rab8 20. Nxb7 Qxb7 21. Nd2 Nf8
22. Ne4 Qc7 23. Nd6 Rd7 24. Qf3 Bxd6 25. exd6 Qd8 26. Qg3 Qg5 27. Qf3 Rbd8 28.
Qc6 Nc8 29. f4 Qg4 30. Qxc5 Nxd6 31. h3 Qe2 32. Qe5 Qxe5 33. Bxe5 Nb7 34. Rxd7
Rxd7 35. Rd1 Nc5 36. Rxd7 Nfxd7 37. Bc7 f6 38. Bxa5 e5 39. fxe5 fxe5 40. Bxb4 e4
41. Kf2 Kf7 42. Ke3 Ke6 43. Kd4 1-0

[Event "ch-RUS Blitz w 2016"]
[Site "Sochi RUS"]
[Date "2016.10.04"]
[Round "4.13"]
[White "Charochkina, Daria"]
[Black "Pavlova, Natalia"]
[Result "1-0"]
[WhiteTitle "IM"]
[WhiteElo "2366"]
[BlackElo "1990"]
[WhiteFideId "4180917"]
[BlackFideId "24135615"]
[EventDate "2016.10.04"]

1. d4 d5 2. c4 c6 3. Nc3 Nf6 4. Nf3 e6 5. Bg5 Be7 6. e3 Nbd7 7. Qc2 O-O 8. Bd3
dxc4 9. Bxc4 h6 10. Bh4 b5 11. Bd3 Bb7 12. O-O a6 13. e4 c5 14. e5 Nd5 15. Bxe7
Qxe7 16. Nxd5 Bxd5 17. Be4 c4 18. Bxd5 exd5 19. Rfe1 Qe6 20. Nh4 b4 21. Re3 a5
22. Nf5 Kh8 23. Rae1 Rg8 24. Nd6 a4 25. Rf3 Rgf8 26. Qd2 b3 27. a3 Nb6 28. Qf4
Ra7 29. Rh3 Nc8 30. Nf5 Ra6 31. g4 Ne7 32. Ree3 Nxf5 33. gxf5 Qc6 34. f6 Kg8 35.
Rxh6 gxh6 36. Rg3+ Kh8 1-0

[Event "ch-RUS Blitz w 2016"]
[Site "Sochi RUS"]
[Date "2016.10.04"]
[Round "4.14"]
[White "Travkina, Anastasia"]
[Black "Sukhareva, Evgeniya"]
[Result "0-1"]
[WhiteTitle "WFM"]
[WhiteElo "2292"]
[BlackElo "2151"]
[WhiteFideId "24129151"]
[BlackFideId "4167155"]
[EventDate "2016.10.04"]

1. e4 c5 2. Nf3 e6 3. d4 cxd4 4. Nxd4 a6 5. Bd3 Qc7 6. Nc3 d6 7. O-O Nf6 8. Be3
Nbd7 9. f4 b6 10. Qe1 Bb7 11. Rd1 Be7 12. Kh1 Nc5 13. f5 e5 14. Nf3 Ncxe4 15.
Nxe4 Nxe4 16. Bxe4 Bxe4 17. Bxb6 Qb7 18. Ba5 Bxc2 19. Rc1 Rc8 20. Rf2 Bd3 21.
Rxc8+ Qxc8 22. Rd2 Bxf5 23. Bb4 Qc6 24. Re2 Bg4 25. Nxe5 dxe5 26. Rxe5 Be6 27.
Bxe7 Kxe7 28. Qb4+ Qd6 29. Qb7+ Kf6 30. Re1 g6 31. Qf3+ Kg7 32. Qc3+ f6 33. h3
h5 34. Qc2 Rd8 35. a4 Bf5 36. Qc3 Rd7 37. b4 Kh6 38. b5 axb5 39. axb5 Qd2 40.
Qa1 Rd3 41. Qc1 Qxc1 42. Rxc1 Rb3 43. Rc5 Bd3 44. Rc6 Bxb5 45. Rxf6 Bd3 46. Kh2
Rb2 47. Re6 Bc4 48. Re3 Bd5 49. Rg3 h4 50. Rg4 g5 51. Kg1 Kh5 52. Kh2 Bf3 0-1

[Event "ch-RUS Blitz w 2016"]
[Site "Sochi RUS"]
[Date "2016.10.04"]
[Round "4.15"]
[White "Makarenko, Alexandra"]
[Black "Potapova, Margarita"]
[Result "1-0"]
[WhiteTitle "WFM"]
[BlackTitle "WFM"]
[WhiteElo "2243"]
[BlackElo "2060"]
[WhiteFideId "4165055"]
[BlackFideId "14126869"]
[EventDate "2016.10.04"]

1. e4 c5 2. Nf3 d6 3. d4 cxd4 4. Nxd4 Nf6 5. Nc3 a6 6. Be3 e5 7. Nb3 Be6 8. Qd2
Nbd7 9. O-O-O Be7 10. f4 exf4 11. Bxf4 Ne5 12. Kb1 b5 13. Bd3 b4 14. Nd5 Nxd5
15. exd5 Bxd5 16. Qxb4 Be6 17. Bxe5 dxe5 18. Bb5+ axb5 19. Rxd8+ Rxd8 20. Qxb5+
Bd7 21. Qxe5 Kf8 22. Re1 Be6 23. Nd4 Rxd4 24. Qxd4 h5 25. Qf4 g5 26. Qe5 Rh6 27.
a4 Bf6 28. Qc5+ Be7 29. Qc3 Bf6 30. Qf3 g4 31. Qf4 Rg6 32. a5 Bg5 33. Qb8+ Kg7
34. a6 Bd5 35. Qe5+ Bf6 36. Qxd5 Rg5 37. Qxg5+ Bxg5 38. a7 1-0

[Event "ch-RUS Blitz w 2016"]
[Site "Sochi RUS"]
[Date "2016.10.04"]
[Round "5.1"]
[White "Pustovoitova, Daria"]
[Black "Ambartsumova, Karina"]
[Result "0-1"]
[WhiteTitle "FM"]
[BlackTitle "WGM"]
[WhiteElo "2386"]
[BlackElo "2280"]
[WhiteFideId "4182146"]
[BlackFideId "4166299"]
[EventDate "2016.10.04"]

1. d4 Nf6 2. c4 e6 3. Nf3 d5 4. g3 dxc4 5. Bg2 Nc6 6. Qa4 Bb4+ 7. Bd2 Nd5 8.
Bxb4 Nxb4 9. O-O a6 10. Ne5 O-O 11. Nxc6 Nxc6 12. Bxc6 bxc6 13. Qxc4 Rb8 14. b3
Qd5 15. Qxd5 cxd5 16. Rc1 Rb7 17. Rc6 Bd7 18. Rxa6 Bb5 19. Ra5 Bxe2 20. Nc3 Bf3
21. Re1 Rb4 22. Re3 Bg4 23. Rd3 Rfb8 24. f3 Bf5 25. Rd2 Kf8 26. Kf2 Ke7 27. Ke3
Kd6 28. Na4 f6 29. Ra6+ Ke7 30. Nc5 h5 31. Rc6 Rc8 32. a3 Rb6 33. Rxb6 cxb6 34.
Na4 Rc6 35. Ke2 Kd6 36. Rb2 e5 37. Ke3 b5 38. Nc5 exd4+ 39. Kxd4 Rxc5 40. Re2
Rc2 41. Re8 Rd2+ 42. Kc3 Rd3+ 43. Kb4 Rxf3 44. Rb8 Bd7 45. Rg8 g5 46. Rh8 d4 47.
Rxh5 d3 48. Kc3 Ke5 49. Rh7 Be6 50. Rb7 d2+ 51. Kxd2 Rxb3 52. h4 gxh4 53. gxh4
Kf5 54. h5 Kg5 55. h6 Kxh6 56. Rb6 Bc4 57. Rxf6+ Kg5 58. Ra6 Rb2+ 59. Kc3 Rb3+
60. Kc2 Rh3 61. Ra5 Bb3+ 62. Kb2 Ba4 63. Ra7 Kf5 64. Rc7 Ke5 65. Rc8 Rb3+ 66.
Ka2 Rh3 67. Rc7 Rh2+ 68. Kb1 Kd4 69. Rc8 Rg2 70. Rc7 Rg3 71. Kb2 Rb3+ 72. Ka2
Rc3 73. Rd7+ Ke3 74. Rd8 Rc2+ 75. Kb1 Rc4 76. Kb2 Rd4 77. Rc8 Kd3 78. Rc3+ Kd2
79. Rc8 Rd3 80. Rc7 Rb3+ 81. Ka2 Rc3 82. Rd7+ Kc1 83. Rg7 Bb3+ 84. Ka1 Bd1 85.
Ra7 Rc4 86. Ka2 Bc2 87. Rb7 Bb1+ 88. Ka1 Rc3 89. Ra7 Rc4 90. Rb7 Ra4 91. Rc7+
Bc2 92. Rc3 b4 93. Rg3 bxa3 94. Rg1+ Kd2 95. Rg2+ Kc3 96. Rg3+ Bd3 97. Ka2 Ra8
98. Rh3 Kd4 99. Rh4+ Kc3 100. Rh3 Kd2 101. Rh2+ Be2 102. Rg2 Kd1 103. Rg1+ Kd2
104. Rg2 Ke3 105. Rg3+ Bf3 106. Rh3 Kf2 107. Rh2+ Kg3 108. Rd2 Be4 109. Rd4 Kf4
110. Rd1 Ke5 111. Re1 Kd4 112. Rd1+ Bd3 113. Rd2 Kc3 114. Rh2 Bc4+ 115. Ka1 Rd8
116. Rh3+ Kb4 117. Rh1 Rd2 118. Rg1 Ra2+ 119. Kb1 Rh2 120. Ka1 Bd3 121. Re1 Kb3
122. Re2 Bxe2 0-1

[Event "ch-RUS Blitz w 2016"]
[Site "Sochi RUS"]
[Date "2016.10.04"]
[Round "5.2"]
[White "Tomilova, Elena"]
[Black "Bodnaruk, Anastasia"]
[Result "1-0"]
[WhiteTitle "WIM"]
[BlackTitle "IM"]
[WhiteElo "2309"]
[BlackElo "2463"]
[WhiteFideId "4162340"]
[BlackFideId "4181751"]
[EventDate "2016.10.04"]

1. c4 e5 2. g3 Nc6 3. Bg2 g6 4. Nc3 Bg7 5. d3 f5 6. e3 Nf6 7. Nge2 O-O 8. O-O d6
9. Rb1 a5 10. a3 Be6 11. Nd5 Qd7 12. Nec3 Rae8 13. b4 axb4 14. axb4 e4 15. dxe4
Nxe4 16. Nxe4 fxe4 17. Bb2 Ne5 18. Bxe5 Bxe5 19. Bxe4 c6 20. Nb6 Qd8 21. c5 d5
22. Bg2 Bf5 23. Rb3 Qe7 24. Qd2 Rd8 25. Re1 Qg7 26. Qe2 Be6 27. Ra3 g5 28. h3 g4
29. h4 Rf7 30. e4 d4 31. Nc4 Rdf8 32. Rf1 d3 33. Qxd3 Bd4 34. Ra2 h5 35. Rd2 Bc3
36. Rc2 Bxb4 37. Nd6 Rd7 38. Qe3 Qe5 39. Qh6 b6 40. Nf5 Bxf5 41. exf5 Bxc5 42.
Bxc6 Rd6 43. Qg5+ Qg7 44. Be4 Bd4 45. Rc4 Bc5 46. Rc2 Re8 47. Bg2 Red8 48. Qxh5
Bd4 49. Qg5 Bf6 50. Qf4 Rd4 51. Qc7 R4d7 52. Qxb6 Bd4 53. Qb3+ Kh8 54. Qc4 Qf6
55. Qb5 Rd5 56. Bxd5 Qxf5 57. Qc4 Rxd5 58. Qc8+ Qxc8 59. Rxc8+ 1-0

[Event "ch-RUS Blitz w 2016"]
[Site "Sochi RUS"]
[Date "2016.10.04"]
[Round "5.3"]
[White "Gvanceladze, Anna"]
[Black "Girya, Olga"]
[Result "0-1"]
[WhiteTitle "WFM"]
[BlackTitle "WGM"]
[WhiteElo "2223"]
[BlackElo "2446"]
[WhiteFideId "4113721"]
[BlackFideId "4195752"]
[EventDate "2016.10.04"]

1. d4 d5 2. Nf3 Nf6 3. c4 c6 4. cxd5 cxd5 5. Nc3 Nc6 6. Bf4 Bf5 7. Qb3 Na5 8.
Qa4+ Bd7 9. Qc2 Rc8 10. e3 e6 11. Bd3 Be7 12. O-O a6 13. Ne5 Bc6 14. Qe2 O-O 15.
h3 Nd7 16. Bh2 Nxe5 17. dxe5 b5 18. Rad1 Qb6 19. Qh5 g6 20. Qg4 Nc4 21. b3 Nb2
22. Rd2 Nxd3 23. Rxd3 b4 24. Ne2 Bb5 25. Rd2 Rc7 26. Rfd1 Rfc8 27. Nd4 Rc1 28.
h4 h5 29. Qf4 Rxd1+ 30. Rxd1 Rc3 31. g4 hxg4 32. Qxg4 Bc5 33. Nxb5 axb5 34. h5
Kg7 35. Bf4 Be7 36. Bg5 Qd8 37. Bf4 g5 38. Bg3 Qh8 39. Kg2 Qh7 40. Kh2 Rc8 41.
Rd4 Rh8 42. Kg2 Qxh5 43. Qxh5 Rxh5 44. f3 Rh8 45. Be1 Ra8 46. Bxb4 Bxb4 47. Rxb4
Rxa2+ 48. Kg3 Re2 49. e4 dxe4 50. fxe4 Kg6 51. Kf3 Rb2 52. Rxb5 Kh5 53. Rb7 Kg6
54. Rb8 Rb1 55. Rg8+ Kh6 56. Rb8 Kg7 57. Kg4 Rg1+ 58. Kf3 Kg6 59. Rg8+ Kh7 60.
Rf8 Kg7 61. Rb8 Kg6 62. Rg8+ Kh6 63. Rh8+ Kg7 64. Rb8 Rf1+ 65. Kg2 Rf4 66. Rb4
Kg6 67. Rc4 Kh5 68. b4 Kg4 69. b5 Rf3 70. Rb4 Ra3 71. b6 Ra2+ 72. Kf1 Ra1+ 73.
Ke2 Ra2+ 74. Kd3 Ra8 75. b7 Rb8 76. Kd4 Kf4 77. Rb1 Rd8+ 78. Kc5 Kxe5 79. b8=Q+
Rxb8 80. Rxb8 Kxe4 81. Rf8 f5 82. Kd6 f4 83. Kxe6 f3 84. Kf6 g4 85. Kg5 g3 86.
Kg4 g2 87. Re8+ Kd3 88. Rd8+ Ke2 89. Re8+ Kf2 90. Kf4 g1=Q 0-1

[Event "ch-RUS Blitz w 2016"]
[Site "Sochi RUS"]
[Date "2016.10.04"]
[Round "5.4"]
[White "Nechaeva, Marina"]
[Black "Severina, Maria"]
[Result "1-0"]
[WhiteTitle "IM"]
[BlackTitle "WIM"]
[WhiteElo "2428"]
[BlackElo "2232"]
[WhiteFideId "4149351"]
[BlackFideId "4116909"]
[EventDate "2016.10.04"]

1. d4 Nf6 2. c4 e6 3. Nc3 Bb4 4. Qc2 O-O 5. a3 Bxc3+ 6. Qxc3 b6 7. Bg5 Bb7 8. e3
d6 9. Nf3 h6 10. Bh4 g5 11. Bg3 Ne4 12. Qc2 f5 13. Nd2 Qf6 14. f3 Nxg3 15. hxg3
c5 16. dxc5 dxc5 17. O-O-O Nc6 18. g4 Rad8 19. gxf5 exf5 20. Bd3 Ne5 21. Nb1
Nxd3+ 22. Rxd3 Rxd3 23. Qxd3 Rd8 24. Qe2 Qe6 25. Nc3 Ba6 26. b3 Bb7 27. Kc2 Kg7
28. Rd1 Rxd1 29. Kxd1 Qd6+ 30. Ke1 Qg3+ 31. Kf1 Qh2 32. Qd3 Qc7 33. Qxf5 Qd6 34.
Nd5 Bxd5 35. Qxd5 Qf6 36. Qd1 Qc3 37. Kf2 Qb2+ 38. Kg3 Qxa3 39. Qd7+ Kg6 40.
Qe6+ Kg7 41. Kg4 Qxb3 42. Kh5 Qd3 43. Qxh6+ Kf7 44. Qxg5 Qxc4 45. e4 Qf1 46.
Qg6+ Ke7 47. Qg7+ Ke6 48. Qg8+ Ke7 49. Qg5+ Ke6 50. Qd5+ Ke7 51. Qe5+ Kf7 52.
Qf5+ Ke7 53. g4 Qh1+ 54. Kg5 Qc1+ 55. f4 c4 56. e5 c3 57. Qf6+ Kd7 58. Qd6+ Kc8
59. e6 Qe3 60. e7 c2 61. Qc6+ Kb8 62. e8=Q+ 1-0

[Event "ch-RUS Blitz w 2016"]
[Site "Sochi RUS"]
[Date "2016.10.04"]
[Round "5.6"]
[White "Charochkina, Daria"]
[Black "Semenova, Elena1"]
[Result "1/2-1/2"]
[WhiteTitle "IM"]
[BlackTitle "WIM"]
[WhiteElo "2366"]
[BlackElo "2256"]
[WhiteFideId "4180917"]
[BlackFideId "24125148"]
[EventDate "2016.10.04"]

1. Nf3 Nf6 2. g3 e6 3. Bg2 d5 4. O-O Be7 5. c4 O-O 6. b3 c5 7. Bb2 Nc6 8. cxd5
exd5 9. d4 Bg4 10. Ne5 Bf5 11. Nxc6 bxc6 12. dxc5 Bxc5 13. Nc3 Bd6 14. Rc1 Rc8
15. Na4 Be4 16. f3 Bg6 17. Nc5 Qe7 18. Bd4 Nd7 19. Nxd7 Qxd7 20. e4 dxe4 21.
fxe4 Ba3 22. Rc4 Rfd8 23. Qa1 f6 24. Qc3 Bd6 25. e5 fxe5 26. Bxe5 Bxe5 27. Qxe5
Re8 28. Qd4 Qxd4+ 29. Rxd4 Re7 30. Rc1 c5 31. Rdc4 Re2 32. a4 h6 33. Rxc5 Rd8
34. Rc8 Rxc8 35. Rxc8+ Kh7 36. Bd5 Bd3 37. Bg8+ Kg6 38. Rc6+ Kg5 39. Rc3 Be4 40.
Rc5+ Kg4 41. Be6+ Kf3 42. Rc3+ Re3 43. Bg4+ 1/2-1/2

[Event "ch-RUS Blitz w 2016"]
[Site "Sochi RUS"]
[Date "2016.10.04"]
[Round "5.7"]
[White "Belenkaya, Dina"]
[Black "Drozdova, Dina"]
[Result "1/2-1/2"]
[WhiteTitle "WFM"]
[BlackTitle "WIM"]
[WhiteElo "2313"]
[BlackElo "2242"]
[WhiteFideId "24142654"]
[BlackFideId "4170695"]
[EventDate "2016.10.04"]

1. d4 d5 2. c4 dxc4 3. e3 Nf6 4. Bxc4 e6 5. Nf3 a6 6. O-O c5 7. dxc5 Bxc5 8.
Qxd8+ Kxd8 9. Rd1+ Ke7 10. a3 Bd7 11. b4 Bd6 12. Bb2 Bb5 13. Nbd2 Nc6 14. Rac1
Rhd8 15. h3 Ke8 16. e4 Be7 17. Bxb5 axb5 18. e5 Nd5 19. Ne4 Nf4 20. Rb1 Nd3 21.
Nd6+ Bxd6 22. Rxd3 Bc7 23. Rbd1 Rxd3 24. Rxd3 Rd8 25. Rxd8+ Kxd8 26. Kf1 h6 27.
Ke2 Bb6 28. g4 Ne7 29. Bd4 Bc7 30. Kd3 Nd5 31. Ke4 g6 32. Ne1 Kd7 33. Nd3 Kc6
34. f4 Bd8 35. Ne1 Be7 36. Ng2 Bd8 37. Ne3 Nxe3 38. Bxe3 Bh4 39. f5 gxf5+ 40.
gxf5 h5 41. fxe6 fxe6 42. Bd2 Bg3 43. Bc3 Bf2 44. Bd2 Bg3 45. Bc3 Bh4 46. Bd2
Be7 47. Kd4 Bh4 48. Ke4 Bf2 49. Bc3 Bg3 50. Bd2 Bh4 51. Kd4 Be7 52. Ke4 Bd8 53.
Kd4 Be7 54. Ke4 1/2-1/2

[Event "ch-RUS Blitz w 2016"]
[Site "Sochi RUS"]
[Date "2016.10.04"]
[Round "5.8"]
[White "Sukhareva, Evgeniya"]
[Black "Pogonina, Natalija"]
[Result "0-1"]
[BlackTitle "WGM"]
[WhiteElo "2151"]
[BlackElo "2484"]
[WhiteFideId "4167155"]
[BlackFideId "4147855"]
[EventDate "2016.10.04"]

1. d4 Nf6 2. c4 e6 3. Nf3 d5 4. Bg5 Nbd7 5. Nc3 h6 6. Bh4 Be7 7. e3 O-O 8. Qc2
b6 9. cxd5 exd5 10. Bd3 c5 11. O-O Bb7 12. Bf5 a6 13. Rfd1 c4 14. Ne5 b5 15. a3
Re8 16. Bh3 Qc7 17. Qf5 Nf8 18. Qf3 Rad8 19. Rac1 N8d7 20. Bxd7 Rxd7 21. Nxd7
Qxd7 22. Bg3 Bc6 23. Be5 a5 24. Ne2 Ne4 25. Ng3 Nxg3 26. Qxg3 f6 27. Bc7 Bd8 28.
Bxd8 Qxd8 29. Qg6 Re7 30. Re1 Be8 31. Qf5 Bc6 32. f3 Qe8 33. Qf4 Re6 34. Rcd1 b4
35. axb4 axb4 36. e4 Bb7 37. Qd2 dxe4 38. d5 Re5 39. Qxb4 Bxd5 40. f4 Rf5 41.
Qc3 Bf7 42. Qe3 Rb5 43. Qc3 Rb3 44. Qd4 e3 45. Qa7 e2 46. Ra1 Rxb2 47. Qc7 Rd2
48. Rab1 Kh7 49. Rb7 Rd1 50. Rb1 Qe3+ 51. Kh1 Rxb1 0-1

[Event "ch-RUS Blitz w 2016"]
[Site "Sochi RUS"]
[Date "2016.10.04"]
[Round "5.9"]
[White "Goryachkina, Aleksandra"]
[Black "Shaydullina, Sandugach"]
[Result "1-0"]
[WhiteTitle "WGM"]
[BlackTitle "WGM"]
[WhiteElo "2460"]
[BlackElo "2142"]
[WhiteFideId "4147103"]
[BlackFideId "4140389"]
[EventDate "2016.10.04"]

1. d4 d5 2. c4 dxc4 3. Nf3 a6 4. e3 b5 5. a4 Bb7 6. axb5 axb5 7. Rxa8 Bxa8 8. b3
e6 9. bxc4 bxc4 10. Bxc4 Nf6 11. O-O Nbd7 12. Nc3 c5 13. d5 exd5 14. Nxd5 Bd6
15. Nxf6+ Nxf6 16. Qa4+ Kf8 17. Qa7 Bd5 18. Bxd5 Nxd5 19. Ba3 Nb6 20. Qa5 Qc7
21. e4 f6 22. Rb1 Nc8 23. Qa8 Ke8 24. g3 Kd8 25. Qa6 Re8 26. Rb7 Rxe4 27. Rxc7
Kxc7 1-0

[Event "ch-RUS Blitz w 2016"]
[Site "Sochi RUS"]
[Date "2016.10.04"]
[Round "5.10"]
[White "Vasilevich, Tatjana"]
[Black "Baraeva, Marina"]
[Result "1/2-1/2"]
[WhiteTitle "IM"]
[BlackTitle "WIM"]
[WhiteElo "2372"]
[BlackElo "2173"]
[WhiteFideId "14101610"]
[BlackFideId "24142573"]
[EventDate "2016.10.04"]

1. d4 d5 2. c4 c6 3. Nf3 Nf6 4. e3 Bg4 5. Nbd2 e6 6. h3 Bxf3 7. Nxf3 Nbd7 8. Bd3
Bb4+ 9. Kf1 O-O 10. g3 Qe7 11. Kg2 dxc4 12. Bxc4 e5 13. a3 Bd6 14. b4 e4 15. Nd2
Nd5 16. Bb2 Rae8 17. Qe2 Qg5 18. Rhe1 h5 19. h4 Qf5 20. b5 Re6 21. bxc6 bxc6 22.
Rac1 Rg6 23. Ba6 Bc7 24. Bb7 Nb8 25. a4 Ba5 26. Rc2 Qd7 27. Ba6 Nxa6 28. Qxa6
Nb4 29. Qxa5 Nxc2 30. Rc1 Nxe3+ 31. fxe3 Qg4 32. Nf1 Qe2+ 33. Kh3 Qxb2 34. Rc5
Qf2 35. Rf5 Qg1 36. Qe5 Qh1+ 37. Nh2 Qe1 38. Rxh5 Qxe3 39. Rf5 Qg1 40. h5 Rh6
41. Qxe4 Qa1 42. Qg4 Qxa4 43. Rg5 Kh8 44. Rxg7 Qc4 45. Qg5 Qe6+ 46. Ng4 Rh7 47.
Rxh7+ Kxh7 48. Kh2 Qe2+ 49. Kh3 Qe6 50. Kh4 f5 51. Ne5 Rg8 52. Ng6 Qe4+ 53. Qf4
Qxf4+ 54. gxf4 Rd8 55. Kg5 Rxd4 56. Kxf5 Rd5+ 57. Ke6 Rxh5 58. f5 Rh6 59. Kf7 a5
60. Nf8+ Kh8 61. Ng6+ Kh7 62. Nf8+ Kh8 63. Ng6+ Kh7 1/2-1/2

[Event "ch-RUS Blitz w 2016"]
[Site "Sochi RUS"]
[Date "2016.10.04"]
[Round "5.11"]
[White "Vasilevich, Irina"]
[Black "Gritsayeva, Oksana"]
[Result "0-1"]
[WhiteTitle "IM"]
[BlackTitle "WFM"]
[WhiteElo "2285"]
[BlackElo "2321"]
[WhiteFideId "4141296"]
[BlackFideId "14104652"]
[EventDate "2016.10.04"]

1. c4 c5 2. Nc3 Nf6 3. g3 e6 4. Bg2 d5 5. cxd5 exd5 6. d4 cxd4 7. Qxd4 Nc6 8.
Qa4 d4 9. Nb5 Bb4+ 10. Kf1 O-O 11. Bg5 Be7 12. Rd1 Qb6 13. Nxd4 Nxd4 14. Qxd4
Qa6 15. Nf3 Be6 16. Qe3 Rfd8 17. Nd4 Nd5 18. Qd2 Bxg5 19. Qxg5 Nf6 20. Bf3 Bh3+
21. Bg2 Be6 22. Bf3 h6 23. Qe3 Bh3+ 24. Bg2 Re8 25. Qd3 Bxg2+ 26. Kxg2 Qxa2 27.
b3 Qa5 28. Qf3 b6 29. Nc6 Qc5 30. Rc1 Qb5 31. Rhd1 Qxe2 32. Qxe2 Rxe2 33. Nd4
Rb2 34. Rc7 Rd8 35. Kf1 Ne4 36. Ke1 Nxf2 37. Ra1 Rxd4 38. Raxa7 Rd1# 0-1

[Event "ch-RUS Blitz w 2016"]
[Site "Sochi RUS"]
[Date "2016.10.04"]
[Round "5.12"]
[White "Berdychevskaya, Natasha"]
[Black "Kostrikina, Anna"]
[Result "1-0"]
[WhiteTitle "WFM"]
[BlackTitle "WFM"]
[WhiteElo "2208"]
[BlackElo "2161"]
[WhiteFideId "4159322"]
[BlackFideId "4176219"]
[EventDate "2016.10.04"]

1. e4 c5 2. Nf3 Nc6 3. d4 cxd4 4. Nxd4 Qb6 5. Nb3 Nf6 6. Nc3 e6 7. Bd3 Bb4 8.
O-O Bxc3 9. bxc3 O-O 10. Be3 Qc7 11. f4 d5 12. e5 Ne4 13. c4 Nc3 14. Qh5 g6 15.
Qh6 dxc4 16. Bc5 Re8 17. Bd6 Qb6+ 18. Kh1 Qa6 19. Rf3 1-0

[Event "ch-RUS Blitz w 2016"]
[Site "Sochi RUS"]
[Date "2016.10.04"]
[Round "5.13"]
[White "Markelova, Lubov"]
[Black "Abramova, Yulia"]
[Result "1-0"]
[WhiteTitle "WFM"]
[WhiteElo "2133"]
[BlackElo "1969"]
[WhiteFideId "24131369"]
[BlackFideId "24104655"]
[EventDate "2016.10.04"]

1. Nf3 Nf6 2. c4 e6 3. Nc3 d5 4. d4 h6 5. Bf4 c6 6. cxd5 exd5 7. Qc2 Bb4 8. e3
O-O 9. Bd3 Re8 10. O-O Nbd7 11. a3 Ba5 12. b4 Bc7 13. Bg3 Bxg3 14. hxg3 Qe7 15.
b5 Ne4 16. bxc6 bxc6 17. Ne2 c5 18. Nf4 Bb7 19. Rab1 Rab8 20. Rfc1 c4 21. Bxe4
Qxe4 22. Qxe4 Rxe4 23. Rb5 a6 24. Rb4 g5 25. Nh5 Kf8 26. Rcb1 Ree8 27. Rxb7 Rxb7
28. Rxb7 Nb8 29. Rc7 a5 30. Nf6 Rd8 31. Ne5 Na6 32. Rxf7# 1-0

[Event "ch-RUS Blitz w 2016"]
[Site "Sochi RUS"]
[Date "2016.10.04"]
[Round "5.14"]
[White "Diakonova, Ekaterina"]
[Black "Ektova, Elena"]
[Result "1-0"]
[WhiteElo "2321"]
[BlackElo "1725"]
[WhiteFideId "24172936"]
[BlackFideId "24124419"]
[EventDate "2016.10.04"]

1. e4 c6 2. Nc3 d5 3. Nf3 g6 4. h3 Bg7 5. d4 dxe4 6. Nxe4 Nf6 7. Nxf6+ Bxf6 8.
c3 Bg7 9. Bc4 a6 10. O-O O-O 11. Bf4 Nd7 12. Re1 b5 13. Bb3 a5 14. a4 Bb7 15.
Ne5 Nb6 16. Qe2 Nd5 17. Bh2 e6 18. Nd3 b4 19. c4 Ne7 20. Be5 f6 21. Bg3 Bc8 22.
Nc5 Qxd4 23. Nxe6 Bxe6 24. Qxe6+ Rf7 25. c5 Rf8 26. Qxe7 Qxb2 27. Bxf7+ Kh8 28.
Be8 f5 29. Rad1 Bd4 30. Qxf8# 1-0